Estudio a nivel de perfil del proyecto: Remodelación del Centro Educativo Profesor Carlos José Salinas de la Comunidad el Dulce Nombre en el Municipio de Jinotepe, Departamento de Carazo

Presenta la formulación y evaluación de proyecto en donde se aborda de manera general el estudio a nivel de perfil remodelación del centro educativo Profesor Carlos José Salinas de la comunidad El Dulce en el municipio de Jinotepe, departamento de Carazo.

Bibliographic Details
Main Authors: Obando Ruiz, Yahoska Massiel, Campos, Kenia del Sagrario
Other Authors: Tutor: Moncada Castillo, Ajax Santiago
Format: Tesis Section = Libro
Language:Undetermined
Spanish
Published: Managua UNI 2015
Subjects:
LEADER 01192nam a2200265Ia 4500
008 240830s9999 xx 000 0 und d
040 |a BIBLIOTECA-RUPAP T.Mon 332.67 O12 
041 |a spa 
082 |a T.Mon 332.67 O12 
100 1 |a Obando Ruiz, Yahoska Massiel 
100 1 |b Campos, Kenia del Sagrario 
245 1 0 |a Estudio a nivel de perfil del proyecto: Remodelación del Centro Educativo Profesor Carlos José Salinas de la Comunidad el Dulce Nombre en el Municipio de Jinotepe, Departamento de Carazo 
260 |a Managua  |b UNI  |c 2015 
300 |a 109 p. :il. 
500 |a Contiene: anexos. 
502 |a Tesis (Ingeniero Civil)- UNI, 2015. 
520 3 |a Presenta la formulación y evaluación de proyecto en donde se aborda de manera general el estudio a nivel de perfil remodelación del centro educativo Profesor Carlos José Salinas de la comunidad El Dulce en el municipio de Jinotepe, departamento de Carazo. 
650 7 |a REMODELACION DE EDIFICIOS EDUCATIVOS-JINOTEPE 
650 7 |b INVERSIONES 
650 7 |c ESTUDIO FINANCIERO 
650 7 |d EVALUACION AMBIENTAL 
700 1 |a Tutor:  |b Moncada Castillo, Ajax Santiago 
942 |c BK  |2 ddc 
991 |a TESIS 
999 |c 18067